El artefacto de la inteligencia: una reflexión crítica sobre el determinismo biológico de la inteligencia
Sparad:
| Huvudupphovsman: | |
|---|---|
| Övriga upphovsmän: | |
| Materialtyp: | Bok |
| Språk: | spanska |
| Publicerad: |
Barcelona
Anthropos
1989
|
| Serie: | Nueva Ciencia, 4
|
| Ämnen: | |
| Taggar: |
Lägg till en tagg
Inga taggar, Lägg till första taggen!
|
MARC
| LEADER | 00000nam a2200000 a 4500 | ||
|---|---|---|---|
| 001 | UCX9188 | ||
| 003 | CL-VaPUC | ||
| 008 | 940520e19890000SP |||||||||||||||||spa|d | ||
| 082 | 0 | 4 | |a 153.9 |b LOP |2 21 |
| 100 | |a López Cerezo, José Antonio |e autor |9 553740 | ||
| 700 | |a Lujan López, José Luis |e autor |9 326536 | ||
| 245 | 1 | 3 | |a El artefacto de la inteligencia: una reflexión crítica sobre el determinismo biológico de la inteligencia |
| 300 | |a 286 p | ||
| 942 | |c BK | ||
| 945 | |d 19940520 00:00:00 |a oaravena | ||
| 260 | |a Barcelona |b Anthropos |c 1989 | ||
| 650 | 0 | |a Inteligencia |9 267038 | |
| 650 | 0 | |a Test de inteligencia |9 309025 | |
| 583 | |a last modification |c 19940520 00:00:00 |k Rodrigo Vera | ||
| 490 | 0 | |a Nueva Ciencia, 4 | |
| 999 | |c 228501 |d 228499 | ||
| 952 | |0 0 |1 0 |4 0 |6 153_900000000000000_LOP_1989 |7 0 |8 A |9 228656 |a FDOPOS |b FDOPOS |d 2019-11-15 |i 2980452 |o 153.9 LOP 1989 |p 2980452 |r 2025-01-22 |w 2019-11-15 |y BK |k MLA | ||
| 952 | |0 0 |1 0 |4 0 |6 153_900000000000000_LOP_1989 |7 0 |8 A |9 228657 |a FDOPOS |b FDOPOS |d 2019-11-15 |i 3689506 |o 153.9 LOP 1989 |p 3689506 |r 2025-01-22 |w 2019-11-15 |y BK |k MLA | ||